000 00581nam a2200181Ia 4500
008 090124s9999 xx 000 0 und d
082 _b37462
100 _aवाड विजया
245 _a मला काही सांगायचयं
250 _a1
260 _bदिलीप प्रकाशन
_c2001
300 _a174
600 _aवाड विजया
630 _a मला काही सांगायचयं
700 _aवाड विजया
730 _a मला काही सांगायचयं
942 _cBOOK
999 _c103472
_d103472